| 000 | 01396nam a2200265Ia 4500 | ||
|---|---|---|---|
| 999 |
_c54826 _d54826 |
||
| 001 | 21895 | ||
| 003 | GE_BSU | ||
| 005 | 20250731143125.0 | ||
| 008 | 181216s2018||||ge |||||||||||||| ||geo|| | ||
| 020 | _a9789941290015 | ||
| 040 | _cGE_BSU | ||
| 041 | _ageo | ||
| 080 | _a27-36 თ-54 | ||
| 245 |
_aႧვენი. [ტ.] 36, 21 დეკემბერი - 31 დეკემბერი (ახალი სტილით 3 იანვარი - 13 იანვარი) / _cპროექტის ავტორი და რედაქტორი თამარ მამაცაშვილი ; შემდგენელი სოფიო თავაძე ; დიზაინერი რატი თორდია |
||
| 264 |
_aთბილისი : _bპალიტრა L, _c2018. |
||
| 300 |
_a224 გვ. ; _c21 სმ.. |
||
| 490 | _aჟურნალ ”კარიბჭის” ბიბლიოთეკა | ||
| 541 | _h6 ლ. | ||
| 653 | _aთვენი. 21 დეკემბერი -31 დეკემბერი. 36 | ||
| 653 | _aრელიგია | ||
| 653 | _aპირველმოწამე მთავარდიაკონი სტეფანე | ||
| 653 | _aწმინდა მამათა ცხოვრება | ||
| 653 | _aწმინდანთა ცხოვრება | ||
| 942 |
_cBK _2udc |
||